English for Business Communication : (Record no. 12327)
[ view plain ]
| 000 -LEADER | |
|---|---|
| fixed length control field | 00983nam a22001937a 4500 |
| 008 - FIXED-LENGTH DATA ELEMENTS--GENERAL INFORMATION | |
| fixed length control field | 090712t xxu||||| |||| 00| 0 eng d |
| 020 ## - INTERNATIONAL STANDARD BOOK NUMBER | |
| International Standard Book Number | 9780521754507 |
| 082 ## - DEWEY DECIMAL CLASSIFICATION NUMBER | |
| Edition number | 22 |
| Classification number | 428.24071 |
| Item number | SWE TR |
| 100 ## - MAIN ENTRY--PERSONAL NAME | |
| 9 (RLIN) | 7788 |
| Personal name | Sweeney, Simon. |
| 245 ## - TITLE STATEMENT | |
| Title | English for Business Communication : |
| Remainder of title | A modular short course on socialising, telephoning, presentations, meetings, negotiations. Teacher's book / |
| Statement of responsibility, etc | Simon Sweeney. |
| 250 ## - EDITION STATEMENT | |
| Edition statement | 2nd ed. |
| 260 ## - PUBLICATION, DISTRIBUTION, ETC. (IMPRINT) | |
| Place of publication, distribution, etc | Cambridge : |
| Name of publisher, distributor, etc | Cambridge University Press, 2003 |
| Date of publication, distribution, etc | 2003. |
| 300 ## - PHYSICAL DESCRIPTION | |
| Extent | 121 p. : |
| Other physical details | ill. (chiefly col.) ; |
| Dimensions | 28 cm. |
| 500 ## - GENERAL NOTE | |
| General note | Previous ed.: 1997. |
| 650 ## - SUBJECT ADDED ENTRY--TOPICAL TERM | |
| 9 (RLIN) | 14521 |
| Topical term or geographic name as entry element | English language |
| Form subdivision | Problems, exercises, etc. |
| General subdivision | Business English |
| 650 ## - SUBJECT ADDED ENTRY--TOPICAL TERM | |
| 9 (RLIN) | 7783 |
| Topical term or geographic name as entry element | English language |
| General subdivision | Business English -- Study and teaching. |
| 942 ## - ADDED ENTRY ELEMENTS (KOHA) | |
| Source of classification or shelving scheme | Dewey Decimal Classification |
| Item type | Book - Borrowing |
| Withdrawn status | Item status | Source of classification or shelving scheme | Damaged status | Not for loan | Vendor | Home library | Current library | Shelving location | Date acquired | Source of acquisition | Cost, normal purchase price | Serial Enumeration / chronology | Total Checkouts | Total Renewals | Full call number | Barcode | Date last seen | Date last borrowed | Koha item type |
|---|---|---|---|---|---|---|---|---|---|---|---|---|---|---|---|---|---|---|---|
| Dewey Decimal Classification | Baccah | Central Library | Central Library | Second Floor | 12/07/2009 | 144.00 | 8050 | 4 | 24 | 428.24071 SWE TR | 000016679 | 15/07/2025 | 16/12/2020 | Book - Teacher Resource |